• 首页
  • 本馆介绍
  • 公告通知
  • 最新文献
  • 馆藏检索
  • 电子资源
  • 读者导购
  • 参考咨询
  • 我的图书馆
  • 登录
  • 详细信息显示
  • 放入我的书架
  • 预约/预借图书
  • 作者相关作品
  • 分类相关作品
  • 丛书相关作品
  • 出版社相关作品

书目信息

  • 表格格式
  • 工作单格式
  • 卡片格式
题名:
上海工人生活研究
    
 
作者: 宋钻友 , 张秀莉 , 张生 著
分册:  
出版信息: 上海   上海辞书出版社  2011.09
页数: 289页
开本: 23cm
丛书名: 上海城市社会生活史丛书
单 册:
中图分类: D412.7
科图分类:
主题词: 工人--生活状况--研究--上海--1843-1949 , 工人 , 生活状况
电子资源:
ISBN: 978-7-5326-3506-1
000 01005oam2 2200313 450
001 010050022589
005 20120612084838.67
010    @a978-7-5326-3506-1@dCNY40.00
100    @a20111111d2011 em y0chiy50 ea
101 0  @achi
102    @aCN@b310000
105    @ak z 000yy
106    @ar
200 1  @a上海工人生活研究@9shang hai gong ren sheng huo yan jiu@e1843-1949@f宋钻友,张秀莉,张生著
210    @a上海@c上海辞书出版社@d2011.09
215    @a289页@d23cm
225 2  @a上海城市社会生活史丛书
308    @a丛书第二批
330    @a本书作者满怀敬重之心,秉持科学、求实态度,以专题形式,对近代上海工人生活的主要问题做了深入探讨。
461  0 @12001 @a上海城市社会生活史丛书
606 0  @a工人@x生活状况@x研究@y上海@z1843-1949
606 0  @a工人
606 0  @a生活状况
690    @aD412.7@v4
701  0 @a宋钻友@9song zuan you@4著
701  0 @a张秀莉@9zhang xiu li@4著
701  0 @a张生@9zhang sheng@4著
801  0 @aCN@bRENTIAN@c20111111
905    @b539598-602@dD412.7@e34@f5
    
    上海工人生活研究:1843-1949/宋钻友,张秀莉,张生著.-上海:上海辞书出版社,2011.09
    289页;23cm.-(上海城市社会生活史丛书)
    
    
    ISBN 978-7-5326-3506-1:CNY40.00
    本书作者满怀敬重之心,秉持科学、求实态度,以专题形式,对近代上海工人生活的主要问题做了深入探讨。
●
相关链接 在E读中查询图书 在五车中查询图书 在当当中查询图书 在豆瓣中查询图书


正题名:上海工人生活研究     索取号:D412.7/34         预约/预借

序号 登录号 条形码 馆藏地/架位号 状态 备注
1 539598   205395981   第一样本阅览室/ [索取号:D412.7/34] 在馆    
2 539599   205395990   第一借阅区/ [索取号:D412.7/34] 在馆    
3 539600   205396007   第一借阅区/ [索取号:D412.7/34] 在馆    
4 539601   205396016   第一借阅区/ [索取号:D412.7/34] 在馆    
5 539602   205396025   第一借阅区/ [索取号:D412.7/34] 在馆    
唐山师范学院图书馆 欢迎您!
大连网信软件有限公司© 版权所有